Basic electronics / (Record no. 170786)
[ view plain ]
| 000 -LEADER | |
|---|---|
| fixed length control field | 00545nam a2200181 4500 |
| 005 - DATE AND TIME OF LATEST TRANSACTION | |
| control field | 20191224171907.0 |
| 010 ## - LCCN (DPL NO) | |
| LC control number | ENG-127244 |
| 020 ## - INTERNATIONAL STANDARD BOOK NUMBER | |
| International Standard Book Number | 9788173719479 |
| Terms of availability | 365.00 |
| 035 ## - SYSTEM CONTROL NUMBER | |
| System control number | EN-110776 |
| 037 ## - SOURCE OF ACQUISITION | |
| Source of stock number/acquisition | DBAD/PUB |
| 082 ## - DEWEY DECIMAL CLASSIFICATION NUMBER | |
| Classification number | 621.381 |
| 100 ## - MAIN ENTRY--PERSONAL NAME | |
| Personal name | Basavaraj, B |
| 245 ## - TITLE STATEMENT | |
| Title | Basic electronics / |
| Statement of responsibility, etc | by B Basavraj [and] H N Shivashankar |
| 260 ## - PUBLICATION, DISTRIBUTION, ETC. (IMPRINT) | |
| Place of publication, distribution, etc | Hyderabad |
| Name of publisher, distributor, etc | Universities Press |
| Date of publication, distribution, etc | 2015 |
| 270 ## - ADDRESS | |
| Address | 3-6-747/1/A & 3-6-754/1, Himayatnagar |
| City | Hyderabad |
| Postal code | 500013 |
| 300 ## - PHYSICAL DESCRIPTION | |
| Extent | 411p. |
| Dimensions | 23cm(Hb) |
| 942 ## - ADDED ENTRY ELEMENTS (KOHA) | |
| Source of classification or shelving scheme | Dewey Decimal Classification |
| Item type | English Books |
| Classification part | 621.381 |
| Call number suffix | BAS |
| Withdrawn status | Lost status | Not for loan | Collection code | Home library | Current library | Date acquired | Source of acquisition | Cost, normal purchase price | Full call number | Barcode | Copy number | Cost, replacement price | Koha item type |
|---|---|---|---|---|---|---|---|---|---|---|---|---|---|
| Non-fiction | Ashok Vihar | Ashok Vihar | 24/12/2019 | DBAD/PUB | 365.00 | 621.381 BAS | EN-110776 | 1 | 365.00 | English Books |
